Statistics for 20 Countries with Northernmost Geographical Center

Click here to take the quiz!

General Stats

  • This quiz has been taken 372 times
  • The average score is 19 of 20

Answer Stats

LAT COUNTRY % Correct
61,7Russia
100%
67,5Norway
99%
64,9Iceland
99%
64,4Finland
99%
62,7Sweden
99%
61,1Canada
99%
53,9United Kingdom
98%
56,8Latvia
97%
56,1Denmark
97%
55,3Lithuania
97%
58,6Estonia
96%
52,1Poland
96%
51,1Germany
95%
52,2Netherlands
94%
53,2Ireland
93%
53,0Belarus
92%
50,7Belgium
91%
49,8Luxembourg
86%
49,1Ukraine
84%
49,8Czech Republic
77%

Score Distribution

Percentile by Number Answered

Percent of People with Each Score

Your Score History

You have not taken this quiz